Colección de varios documentos de la calunniosa [sic] causa seguida contra Francisco Fernandez del Castillo, cura párroco del Sagrario de la Sta. Iglesia Catedral de Cadiz, con asignación á la parroquia de Nuestra Señora del Rosario, por su adhesion a los principios constitucionales, empezada en el año de 1814 y finalizada en 1819. (Record no. 174399)

MARC details
000 -LEADER
campo de control de longitud fija 00788nam a2200145 i 4500
001 - NÚMERO DE CONTROL
campo de control 174399
003 - IDENTIFICADOR DE NÚMERO DE CONTROL
campo de control ES-MaACL
005 - FECHA Y HORA DE LA ÚLTIMA TRANSACCIÓN
campo de control 20230906215521.0
008 - DATOS DE LONGITUD FIJA--INFORMACIÓN GENERAL
campo de control de longitud fija 100414s1820 sp |||| | spa d
245 00 - MENCIÓN DEL TÍTULO
Título Colección de varios documentos de la calunniosa [sic] causa seguida contra Francisco Fernandez del Castillo, cura párroco del Sagrario de la Sta. Iglesia Catedral de Cadiz, con asignación á la parroquia de Nuestra Señora del Rosario, por su adhesion a los principios constitucionales, empezada en el año de 1814 y finalizada en 1819.
260 ## - PUBLICACIÓN, DISTRIBUCIÓN, ETC.
Lugar de publicación, distribución, etc. Cádiz :
Nombre del editor, distribuidor, etc. [s.n.],
Fecha de publicación, distribución, etc. 1820 (
Fabricante en la imprenta Gaditana de Esteban Picardo)
300 ## - DESCRIPCIÓN FÍSICA
Extensión 75 p. ;
Dimensiones 22 cm.
600 04 - PUNTO DE ACCESO ADICIONAL DE MATERIA--NOMBRE DE PERSONA
Nombre de persona Fernández del Castillo, Francisco.
9 (RLIN) 49731
852 ## - LOCALIZACIÓN
Ubicación ES-MaACL
Número de control de estantería R-3308(10)
Nota libre .- Encuadernado con otras obras
Holdings
Estatus retirado Estado de pérdida Estado de daño No para préstamo Colección Biblioteca de origen Biblioteca actual Ubicación en estantería Fecha de adquisición Fuente de adquisición Total de préstamos Signatura topográfica completa Código de barras Visto por última vez Precio de reemplazo Tipo de ítem Koha
        Libros del s. XIX Biblioteca del Ateneo de Madrid Biblioteca del Ateneo de Madrid Depósito 14/04/2010     R-3308(10) 1183055 23/02/2023 23/02/2023 Libro impreso antiguo